[Event "6th Edmonton International"]
[Site "Edmonton"]
[Date "2011.07.28"]
[Round "3"]
[White "Gardner, Robert"]
[Black "Melekhina, Alisa"]
[Result "1/2-1/2"]
[WhiteElo "2188"]
[BlackElo "2263"]
[PlyCount "88"]
[EventDate "2011.07.27"]
[EventType "tourn"]
[EventRounds "9"]
[EventCountry "CAN"]
[EventCategory "4"]
[TimeControl "5400"]

1. d4 Nf6 2. c4 g6 3. Nc3 Bg7 4. e4 d6 5. Nf3 O-O 6. h3 e5 7. d5 Na6 8. Bg5 h6
9. Be3 Nc5 10. Nd2 a5 11. g4 c6 12. Qf3 Bd7 13. Be2 a4 14. g5 Nh7 15. gxh6 Bf6
16. O-O-O Qa5 17. Ndb1 Be7 18. h4 Rac8 19. Rdg1 b5 20. Bxc5 b4 21. Bxb4 Qxb4
22. a3 Qa5 23. dxc6 Bxc6 24. Nd5 Bxd5 25. exd5 Rb8 26. Bd3 Qb6 27. Qf5 Qxb2+
28. Kd1 Ng5 29. Rxg5 Bxg5 30. Qxg5 Qb3+ 31. Ke2 e4 32. Bxe4 Qxc4+ 33. Ke3 Rb3+
34. Kf4 Qd4 35. f3 Qe3+ 36. Kg3 Qxe4 37. Nd2 f6 38. Nxe4 fxg5 39. Nxg5 Rxa3 40.
Re1 Rd3 41. Re7 Rxd5 42. Rg7+ Kh8 43. Rh7+ Kg8 44. Rg7+ Kh8 1/2-1/2

[Event "6th Edmonton International"]
[Site "Edmonton"]
[Date "2011.07.28"]
[Round "3"]
[White "Haessel, Dale"]
[Black "Abrahamyan, Tatev"]
[Result "1/2-1/2"]
[WhiteElo "2211"]
[BlackElo "2343"]
[PlyCount "69"]
[EventDate "2011.07.27"]
[EventType "tourn"]
[EventRounds "9"]
[EventCountry "CAN"]
[EventCategory "4"]
[TimeControl "5400"]

1. Nf3 Nf6 2. c4 g6 3. d4 Bg7 4. g3 O-O 5. Bg2 d6 6. Nc3 Nc6 7. O-O a6 8. Qd3
e5 9. dxe5 dxe5 10. Qxd8 Rxd8 11. Bg5 Be6 12. Nd2 h6 13. Bxf6 Bxf6 14. Nde4 Be7
15. Nd5 Bxd5 16. cxd5 Nb4 17. Nc3 a5 18. Rac1 Bd6 19. h4 h5 20. Rfd1 Kg7 21. e3
Na6 22. Nb5 Rd7 23. Bf1 Nc5 24. Rc2 b6 25. a3 a4 26. Nc3 e4 27. Bb5 Re7 28. Bc6
Ra5 29. Rd4 Be5 30. Rc4 Bxc3 31. R2xc3 Kf6 32. Kf1 Ke5 33. Ke2 Kd6 34. Rd4 Re5
35. Rcc4 1/2-1/2

[Event "6th Edmonton International"]
[Site "Edmonton"]
[Date "2011.07.28"]
[Round "3"]
[White "Pechenkin, Vladimir"]
[Black "Benjamin, Joel"]
[Result "1/2-1/2"]
[WhiteElo "2297"]
[BlackElo "2553"]
[PlyCount "89"]
[EventDate "2011.07.27"]
[EventType "tourn"]
[EventRounds "9"]
[EventCountry "CAN"]
[EventCategory "4"]
[TimeControl "5400"]

1. c4 e5 2. g3 Nf6 3. Bg2 d5 4. cxd5 Nxd5 5. Nc3 Nb6 6. Nf3 Nc6 7. O-O Be7 8.
a3 O-O 9. b4 Be6 10. Rb1 f6 11. d3 a6 12. Ne4 Qc8 13. Qc2 Rd8 14. Bb2 a5 15. b5
Na7 16. d4 f5 17. Nxe5 Nxb5 18. Nc5 Bd5 19. Bh3 Nd6 20. f3 Kh8 21. e4 Bg8 22.
Rfe1 Rf8 23. d5 a4 24. Kg2 Bf6 25. Rbc1 Re8 26. Ncd3 Qd8 27. Qxc7 Qxc7 28. Rxc7
fxe4 29. fxe4 Nxe4 30. Rxe4 Bxd5 31. Bf5 Rf8 32. Nf4 Bxe4+ 33. Bxe4 Rae8 34.
Nfd3 Re7 35. Rxe7 Bxe7 36. Bxb7 Rb8 37. Bc6 Rc8 38. Bd4 Nc4 39. Bxa4 Nxe5 40.
Nxe5 Ra8 41. Bb3 Rxa3 42. Be6 Ra6 43. Nf7+ Kg8 44. Ng5+ Kh8 45. Nf7+ 1/2-1/2

[Event "6th Edmonton International"]
[Site "Edmonton"]
[Date "2011.07.29"]
[Round "4"]
[White "Abrahamyan, Tatev"]
[Black "Gardner, Robert"]
[Result "0-1"]
[WhiteElo "2343"]
[BlackElo "2188"]
[PlyCount "120"]
[EventDate "2011.07.27"]
[EventType "tourn"]
[EventRounds "9"]
[EventCountry "CAN"]
[EventCategory "4"]
[TimeControl "5400"]

1. e4 d6 2. d4 Nf6 3. Nc3 g6 4. Be3 a6 5. h3 b5 6. e5 Nfd7 7. Qf3 c6 8. O-O-O
d5 9. h4 e6 10. h5 g5 11. h6 c5 12. dxc5 Nxe5 13. Qg3 Nbd7 14. Bxg5 Qa5 15. Bf4
Nc6 16. Bc7 Qb4 17. Bd6 Nxc5 18. Bxf8 Rxf8 19. Qc7 Bd7 20. a3 Qg4 21. Nf3 Rc8
22. Qd6 Nb7 23. Qh2 b4 24. axb4 Qxb4 25. Qh4 Qa5 26. Kb1 Nb4 27. Rd4 Rxc3 28.
Rxb4 Rc7 29. Bd3 Bb5 30. Rb3 Bxd3 31. Rxd3 Nc5 32. Ra3 Qb6 33. Qd4 Rb7 34. Ne5
Ne4 35. Qa4+ Ke7 36. Rb3 Nd2+ 37. Ka2 Nxb3 38. cxb3 f6 39. Nd3 Rg8 40. Re1 Kf7
41. Re3 Qb5 42. Qa3 d4 43. Rf3 Rxg2 44. Nc5 Rb6 45. Ne4 Qb4 46. Nxf6 Qxa3+ 47.
bxa3 Kg6 48. Nd7 Rd6 49. Ne5+ Kh5 50. Kb2 Rd5 51. Nd3 Kxh6 52. Nf4 Rf5 53. Rh3+
Kg5 54. Nxg2 Rxf2+ 55. Kc1 Rxg2 56. Rxh7 Kf4 57. Kd1 e5 58. b4 d3 59. a4 Ke3
60. Rh3+ Kd4 0-1

[Event "6th Edmonton International"]
[Site "Edmonton"]
[Date "2011.07.29"]
[Round "4"]
[White "Benjamin, Joel"]
[Black "Shabalov, Alexander"]
[Result "1/2-1/2"]
[WhiteElo "2553"]
[BlackElo "2577"]
[PlyCount "93"]
[EventDate "2011.07.27"]
[EventType "tourn"]
[EventRounds "9"]
[EventCountry "CAN"]
[EventCategory "4"]
[TimeControl "5400"]

1. d4 g6 2. e4 Bg7 3. Nf3 d6 4. Be2 Nd7 5. O-O e5 6. dxe5 dxe5 7. a4 Ngf6 8.
Nc3 O-O 9. Bc4 h6 10. b3 Re8 11. Qe2 c6 12. a5 Qc7 13. Rd1 Nc5 14. Ba3 Bf8 15.
Qe3 Ng4 16. Qc1 b5 17. Bf1 Rb8 18. Bb4 f5 19. h3 Nf6 20. Nh4 Qg7 21. exf5 gxf5
22. Qe3 f4 23. Qf3 Qg5 24. Bxc5 Bxc5 25. Qxc6 Bxf2+ 26. Kxf2 Bb7 27. Qxb5 Rec8
28. Qd3 e4 29. Qd4 Qxh4+ 30. Kg1 e3 31. Ne2 Ne4 32. Qe5 f3 33. Qe6+ Kh8 34.
Qe5+ Nf6 35. Nf4 Qg5 36. Qxe3 Rxc2 37. Rd2 Re8 38. Qd4 Re4 39. Qd8+ Re8 40. Qd4
Rxd2 41. Qxd2 fxg2 42. Bc4 Kh7 43. Qf2 Ne4 44. Ne6 Rxe6 45. Qf7+ Kh8 46. Qf8+
Kh7 47. Qf7+ 1/2-1/2

[Event "6th Edmonton International"]
[Site "Edmonton"]
[Date "2011.07.29"]
[Round "4"]
[White "Pechenkin, Vladimir"]
[Black "Haessel, Dale"]
[Result "1-0"]
[WhiteElo "2297"]
[BlackElo "2211"]
[PlyCount "57"]
[EventDate "2011.07.27"]
[EventType "tourn"]
[EventRounds "9"]
[EventCountry "CAN"]
[EventCategory "4"]
[TimeControl "5400"]

1. c4 e5 2. g3 Nf6 3. Bg2 d5 4. cxd5 Nxd5 5. Nc3 Nb6 6. Nf3 Nc6 7. O-O Be7 8.
a3 Be6 9. b4 O-O 10. Rb1 f6 11. d3 Nd4 12. Nd2 c6 13. Nde4 Nd5 14. Bb2 Nxc3 15.
Bxc3 Bg4 16. Re1 Qd7 17. Bxd4 exd4 18. Qc2 Rae8 19. a4 f5 20. Nd2 f4 21. Nf3
fxg3 22. hxg3 Bf6 23. b5 cxb5 24. Rxb5 Rf7 25. Nh2 Rfe7 26. Rxb7 Qc8 27. Rxe7
Rxe7 28. Qb3+ Kh8 29. Nxg4 1-0

[Event "6th Edmonton International"]
[Site "Edmonton"]
[Date "2011.07.30"]
[Round "5"]
[White "Gardner, Robert"]
[Black "Pechenkin, Vladimir"]
[Result "1/2-1/2"]
[WhiteElo "2188"]
[BlackElo "2297"]
[PlyCount "60"]
[EventDate "2011.07.27"]
[EventType "tourn"]
[EventRounds "9"]
[EventCountry "CAN"]
[EventCategory "4"]

1. d4 f5 2. Nc3 Nf6 3. Bg5 d5 4. Bxf6 exf6 5. e3 c6 6. Qf3 g6 7. Bd3 Na6 8.
Bxa6 bxa6 9. Nge2 Bd6 10. Nc1 a5 11. Na4 Rb8 12. Nd3 Qe7 13. b3 O-O 14. Nac5 f4
15. O-O-O fxe3 16. Rde1 Bf5 17. Rxe3 Qf7 18. a4 Rfe8 19. Rhe1 Kf8 20. h3 Rxe3
21. Rxe3 Re8 22. g4 Bc8 23. Rxe8+ Kxe8 24. Qe3+ Qe7 25. Qd2 Qc7 26. Kb2 Kf7 27.
Qh6 Kg8 28. Qe3 Kf7 29. Qh6 Kg8 30. Qe3 Kf7 1/2-1/2

[Event "6th Edmonton International"]
[Site "Edmonton"]
[Date "2011.07.30"]
[Round "5"]
[White "Valencia, Belsar"]
[Black "Melekhina, Alisa"]
[Result "1/2-1/2"]
[WhiteElo "2204"]
[BlackElo "2263"]
[PlyCount "92"]
[EventDate "2011.07.27"]
[EventType "tourn"]
[EventRounds "9"]
[EventCountry "CAN"]
[EventCategory "4"]

1. d4 Nf6 2. c4 g6 3. Nf3 Bg7 4. Nc3 O-O 5. g3 d6 6. Bg2 c5 7. d5 Na6 8. O-O
Nc7 9. h3 e5 10. Bg5 h6 11. Be3 Kh7 12. Ne1 Nh5 13. Bd2 f5 14. e4 f4 15. g4 f3
16. Nxf3 Nf4 17. Bxf4 Rxf4 18. Ne1 Qg5 19. Nd3 Bxg4 20. hxg4 Rxg4 21. Ne1 Rf8
22. a4 h5 23. Ra3 Ne8 24. Ne2 Rxe4 25. Rg3 Rg4 26. Nf3 Qf5 27. Rxg4 Qxg4 28.
Qd3 Nf6 29. Nh2 Qd7 30. b3 Bh6 31. Bh3 Qe7 32. Be6 Kg7 33. Kh1 Nh7 34. Rg1 Ng5
35. Rg2 Qf6 36. Ng3 Qf4 37. f3 Qh4 38. Bf5 Kh8 39. Be4 Nh3 40. Bxg6 Bf4 41. Bf5
Rg8 42. Bxh3 Rxg3 43. Qf5 Qxh3 44. Qf8+ Kh7 45. Qf7+ Kh8 46. Qf8+ Kh7 1/2-1/2

[Event "6th Edmonton International"]
[Site "Edmonton"]
[Date "2011.07.30"]
[Round "6"]
[White "Abrahamyan, Tatev"]
[Black "Valencia, Belsar"]
[Result "1-0"]
[WhiteElo "2343"]
[BlackElo "2204"]
[PlyCount "67"]
[EventDate "2011.07.27"]
[EventType "tourn"]
[EventRounds "9"]
[EventCountry "CAN"]
[EventCategory "4"]

1. e4 c5 2. Nf3 d6 3. d4 cxd4 4. Nxd4 Nf6 5. Nc3 Nc6 6. f3 e5 7. Nb3 Be7 8. Be3
O-O 9. Qd2 Be6 10. O-O-O a5 11. Kb1 a4 12. Nc1 a3 13. b3 Nb4 14. g4 Rc8 15. g5
Nh5 16. Bd3 Nxd3 17. Nxd3 f5 18. Nb4 fxe4 19. fxe4 Nf4 20. h4 Qa5 21. Ncd5 Nxd5
22. Nxd5 Qxd2 23. Rxd2 Bd8 24. Rd3 b5 25. Bc1 Rf2 26. Bxa3 Rcxc2 27. Nb4 Rcd2
28. Rd1 Rxd3 29. Nxd3 Re2 30. Bxd6 h6 31. gxh6 gxh6 32. Rg1+ Kf7 33. Nxe5+ Ke8
34. Rg6 1-0

[Event "6th Edmonton International"]
[Site "Edmonton"]
[Date "2011.07.30"]
[Round "6"]
[White "Haessel, Dale"]
[Black "Gardner, Robert"]
[Result "1-0"]
[WhiteElo "2211"]
[BlackElo "2188"]
[PlyCount "99"]
[EventDate "2011.07.27"]
[EventType "tourn"]
[EventRounds "9"]
[EventCountry "CAN"]
[EventCategory "4"]
[TimeControl "5400"]

1. d4 Nf6 2. c4 e6 3. Nc3 Bb4 4. Qc2 Nc6 5. Nf3 d6 6. Bg5 h6 7. Bd2 Qe7 8. a3
Bxc3 9. Bxc3 O-O 10. e3 e5 11. d5 Nd8 12. Nd2 Nh7 13. O-O-O f5 14. f4 e4 15.
Be2 Nf6 16. h3 c6 17. dxc6 bxc6 18. g4 Nb7 19. Rdg1 a5 20. g5 hxg5 21. Rxg5 Nc5
22. h4 Ne6 23. Rg6 Kh7 24. h5 d5 25. Qd1 Bd7 26. h6 Kxg6 27. Bh5+ Kh7 28. hxg7
Qxg7 29. Bf7+ Qh6 30. Rxh6+ Kxh6 31. Qh1+ Kg7 32. Bxe6 Bxe6 33. Qh4 Rf7 34.
Qg5+ Kf8 35. Bxf6 dxc4 36. Bd4 Rc8 37. Bc5+ Ke8 38. Qh6 Kd7 39. Kc2 Rg8 40. Bb6
a4 41. Kc3 Rb8 42. Bd4 Rb5 43. Qh8 c5 44. Be5 Bd5 45. Bf6 Kc6 46. Qc8+ Rc7 47.
Qxf5 Rcb7 48. Qc8+ Kd6 49. Nxc4+ Bxc4 50. Kxc4 1-0

[Event "6th Edmonton International"]
[Site "Edmonton"]
[Date "2011.07.31"]
[Round "7"]
[White "Valencia, Belsar"]
[Black "Pechenkin, Vladimir"]
[Result "1/2-1/2"]
[WhiteElo "2204"]
[BlackElo "2297"]
[PlyCount "60"]
[EventDate "2011.07.27"]
[EventType "tourn"]
[EventRounds "9"]
[EventCountry "CAN"]
[EventCategory "4"]

1. d4 f5 2. Nf3 Nf6 3. g3 g6 4. Bg2 Bg7 5. O-O O-O 6. b3 Ne4 7. Bb2 d5 8. Nbd2
c6 9. Ne5 Nxd2 10. Qxd2 Nd7 11. Nd3 e6 12. a4 a5 13. e3 b6 14. c4 Ba6 15. cxd5
cxd5 16. Ba3 Re8 17. Rfc1 Rc8 18. Bd6 Bf8 19. Bxf8 Nxf8 20. Ne5 Qd6 21. h4 Nd7
22. Nxd7 Qxd7 23. Bf1 Bxf1 24. Kxf1 Rxc1+ 25. Rxc1 Rc8 26. Rc3 Kf7 27. Qc2 Rxc3
28. Qxc3 h6 29. Ke1 g5 30. hxg5 hxg5 1/2-1/2

[Event "6th Edmonton International"]
[Site "Edmonton"]
[Date "2011.08.01"]
[Round "8"]
[White "Benjamin, Joel"]
[Black "Melekhina, Alisa"]
[Result "1/2-1/2"]
[WhiteElo "2553"]
[BlackElo "2263"]
[PlyCount "141"]
[EventDate "2011.07.27"]
[EventType "tourn"]
[EventRounds "9"]
[EventCountry "CAN"]
[EventCategory "4"]
[TimeControl "5400"]

1. e4 d6 2. d4 Nf6 3. Nc3 e5 4. dxe5 dxe5 5. Qxd8+ Kxd8 6. Bc4 Be6 7. Bxe6 fxe6
8. Be3 Bb4 9. O-O-O+ Nbd7 10. Nge2 Ng4 11. Bg5+ Ke8 12. Rdf1 Bc5 13. Nd1 Nb6
14. f3 Nf6 15. b3 Rd8 16. Kb1 h6 17. Bc1 Rf8 18. a4 Rd7 19. Nb2 Rdf7 20. Rd1 g5
21. Nd3 Bd6 22. h4 Rg8 23. g4 Nfd7 24. hxg5 hxg5 25. Ng1 Nc5 26. Nf2 Nbd7 27.
Rh5 Be7 28. Nfh3 Rfg7 29. Ne2 b6 30. Rh1 Nb7 31. Rh6 Nd8 32. Nhg1 Nf8 33. R6h5
Nf7 34. Nh3 Bc5 35. Bd2 a5 36. Be1 Be3 37. Nf2 Ng6 38. Nd3 Nd8 39. Bc3 Nc6 40.
Rh7 Nd4 41. Nxd4 exd4 42. Be1 c6 43. Bg3 b5 44. R1h6 bxa4 45. bxa4 Rxh7 46.
Rxh7 Rf8 47. Bd6 Rxf3 48. Rg7 Rf6 49. e5 Rf1+ 50. Kb2 Nf4 51. Nc5 d3 52. Nxd3
Nxd3+ 53. cxd3 Rf4 54. Re7+ Kd8 55. Rxe6 Rxa4 56. Re7 Rd4 57. Kc3 Rd5 58. Kc4
Bd4 59. Rc7 Bxe5 60. Bxe5 Rxe5 61. Rxc6 Kd7 62. Rg6 Ke7 63. Rg7+ Kf6 64. Ra7
Re1 65. d4 Re4 66. Ra6+ Ke7 67. Kd5 Rxg4 68. Ke5 Rh4 69. Rxa5 g4 70. Ra7+ Kf8
71. Kf6 1/2-1/2

[Event "6th Edmonton International"]
[Site "Edmonton"]
[Date "2011.08.01"]
[Round "8"]
[White "Haessel, Dale"]
[Black "Valencia, Belsar"]
[Result "1/2-1/2"]
[WhiteElo "2211"]
[BlackElo "2204"]
[PlyCount "61"]
[EventDate "2011.07.27"]
[EventType "tourn"]
[EventRounds "9"]
[EventCountry "CAN"]
[EventCategory "4"]

1. Nf3 Nf6 2. c4 g6 3. d4 Bg7 4. g3 O-O 5. Bg2 d6 6. Nc3 Nc6 7. O-O a6 8. Qd3
e5 9. dxe5 dxe5 10. Qxd8 Rxd8 11. Bg5 Be6 12. Nd2 h6 13. Bxf6 Rxd2 14. Bxg7
Kxg7 15. Bxc6 bxc6 16. b3 Rad8 17. Rfd1 f5 18. Kf1 Kf7 19. Ke1 R2d6 20. f4 exf4
21. gxf4 g5 22. e3 Ke7 23. Ne2 c5 24. Nc3 gxf4 25. exf4 Rd4 26. Ne2 Rd3 27.
Rxd3 Rxd3 28. Ng1 Rd4 29. Ne2 Rd3 30. Ng1 Rd4 31. Ne2 1/2-1/2

[Event "6th Edmonton International"]
[Site "Edmonton"]
[Date "2011.08.01"]
[Round "9"]
[White "Melekhina, Alisa"]
[Black "Abrahamyan, Tatev"]
[Result "1/2-1/2"]
[WhiteElo "2263"]
[BlackElo "2343"]
[PlyCount "62"]
[EventDate "2011.07.27"]
[EventType "tourn"]
[EventRounds "9"]
[EventCountry "CAN"]
[EventCategory "4"]

1. e4 e6 2. d4 d5 3. Nc3 Bb4 4. e5 c5 5. a3 Bxc3+ 6. bxc3 Ne7 7. Qg4 O-O 8. Bd3
Nbc6 9. Qh5 Ng6 10. Nf3 Qc7 11. Be3 Nce7 12. h4 Nf5 13. g4 Nxe3 14. fxe3 cxd4
15. O-O f6 16. exf6 Qg3+ 17. Kh1 Rxf6 18. Ng5 Qxh4+ 19. Qxh4 Nxh4 20. Bxh7+ Kh8
21. cxd4 Bd7 22. Bd3 Raf8 23. Kh2 Nf3+ 24. Rxf3 Rxf3 25. Nxf3 Rxf3 26. Kg2 Rf8
27. Rh1+ Kg8 28. Bh7+ Kf7 29. Rf1+ Ke7 30. Rxf8 Kxf8 31. Kg3 g5 1/2-1/2

[Event "6th Edmonton International"]
[Site "Edmonton"]
[Date "2011.08.01"]
[Round "9"]
[White "Shabalov, Alexander"]
[Black "Haessel, Dale"]
[Result "1-0"]
[WhiteElo "2577"]
[BlackElo "2211"]
[PlyCount "93"]
[EventDate "2011.07.27"]
[EventType "tourn"]
[EventRounds "9"]
[EventCountry "CAN"]
[EventCategory "4"]
[TimeControl "5400"]

1. e4 e5 2. Bc4 Nf6 3. d3 c6 4. Nf3 d5 5. Bb3 a5 6. a3 a4 7. Ba2 Bd6 8. Nc3 Be6
9. Ng5 O-O 10. Nxe6 fxe6 11. O-O Nbd7 12. Qe2 Qc7 13. Bd2 Nc5 14. Rae1 Nfd7 15.
Kh1 h6 16. Qg4 Kh7 17. g3 Rf6 18. Qe2 Raf8 19. f3 Kh8 20. Nd1 R6f7 21. Ne3 Qb6
22. Bc1 Qa6 23. Kg2 Bc7 24. Ng4 Kh7 25. h3 Kh8 26. h4 Ba5 27. Rd1 h5 28. Nh2
Bc7 29. Be3 Bd6 30. c3 Nb3 31. Qc2 d4 32. cxd4 exd4 33. Bg5 Ndc5 34. f4 g6 35.
Qe2 Kh7 36. Rf3 Qb6 37. Rdf1 Qc7 38. e5 Be7 39. g4 Qa5 40. R3f2 hxg4 41. Nxg4
Qb5 42. Rf3 Qa5 43. Bxb3 Nxb3 44. R1f2 Nc5 45. Bxe7 Rxe7 46. Nf6+ Kg7 47. Rg3
1-0

[Event "6th Edmonton International"]
[Site "Edmonton"]
[Date "2011.08.01"]
[Round "9"]
[White "Valencia, Belsar"]
[Black "Gardner, Robert"]
[Result "1-0"]
[WhiteElo "2204"]
[BlackElo "2188"]
[PlyCount "103"]
[EventDate "2011.07.27"]
[EventType "tourn"]
[EventRounds "9"]
[EventCountry "CAN"]
[EventCategory "4"]

1. c4 b6 2. Nc3 Bb7 3. e4 e6 4. a3 Ne7 5. d4 d5 6. cxd5 exd5 7. e5 c5 8. Nf3
Nbc6 9. Bg5 Qd7 10. dxc5 bxc5 11. Nb5 Ng6 12. Qxd5 Qxd5 13. Nc7+ Kd7 14. Nxd5
Ngxe5 15. Nxe5+ Nxe5 16. O-O-O Bd6 17. Be2 f6 18. Be3 Rad8 19. f4 Ng6 20. Bg4+
Ke8 21. Rhe1 Kf7 22. g3 Rhe8 23. Nc3 Bc6 24. Be2 Kf8 25. Rxd6 Rxd6 26. Bxc5
Red8 27. Rd1 Ke7 28. Rxd6 Rxd6 29. Nb5 Bxb5 30. Bxb5 Nf8 31. f5 g6 32. fxg6
hxg6 33. Kc2 Ne6 34. Bxd6+ Kxd6 35. Kd3 Ke5 36. b4 g5 37. Bd7 Nd4 38. h4 gxh4
39. gxh4 Nf3 40. h5 Kd6 41. Ke3 Ne5 42. Bf5 Nf7 43. Kd4 Nh6 44. Be4 f5 45. Bd5
Ng4 46. a4 f4 47. Bf3 Ne5 48. Ke4 Ke6 49. b5 Nc4 50. Kxf4 Nb2 51. a5 Nc4 52. a6
1-0

[Event "6th Edmonton International"]
[Site "Edmonton"]
[Date "2011.08.01"]
[Round "9"]
[White "Wang, Richard"]
[Black "Pechenkin, Vladimir"]
[Result "1/2-1/2"]
[WhiteElo "2240"]
[BlackElo "2297"]
[PlyCount "59"]
[EventDate "2011.07.27"]
[EventType "tourn"]
[EventRounds "9"]
[EventCountry "CAN"]
[EventCategory "4"]
[TimeControl "5400"]

1. d4 f5 2. c4 Nf6 3. Nc3 e6 4. Nf3 Bb4 5. Qc2 b6 6. a3 Bxc3+ 7. Qxc3 Bb7 8. g3
d6 9. Bg2 Nbd7 10. O-O Qe7 11. b4 O-O 12. Rd1 Ne4 13. Qc2 a5 14. Bb2 Ndf6 15.
Nd2 Ng4 16. Rf1 Nxd2 17. Qxd2 Bxg2 18. Kxg2 Qe8 19. f3 Nf6 20. Bc3 axb4 21.
axb4 Rxa1 22. Rxa1 b5 23. c5 Qc6 24. Qa2 Nd5 25. Bd2 dxc5 26. dxc5 Qd7 27. Qa6
c6 28. Qa7 Qc8 29. Qa6 Qd7 30. Qa7 1/2-1/2

[Event "Over 1800"]
[Site "Calgary"]
[Date "2011.09.03"]
[Round "1"]
[White "Daniluk, Jim"]
[Black "Rekhson, Vladislav"]
[Result "1/2-1/2"]
[WhiteElo "2010"]
[BlackElo "2138"]
[PlyCount "34"]
[EventDate "2011.09.03"]
[EventType "swiss"]
[EventRounds "5"]
[EventCountry "CAN"]

1. d4 Nf6 2. c4 e6 3. g3 d5 4. Nf3 Be7 5. Bg2 O-O 6. O-O c6 7. Qc2 dxc4 8. e4
b5 9. a4 Bb7 10. e5 Nd5 11. b3 cxb3 12. Qxb3 b4 13. Nbd2 a5 14. Ne4 Na6 15. Bg5
f6 16. exf6 gxf6 17. Bh6 Re8 1/2-1/2

[Event "Over 1800"]
[Site "Calgary"]
[Date "2011.09.03"]
[Round "1"]
[White "Haynes, Nicolas"]
[Black "Perron, Sean"]
[Result "1-0"]
[WhiteElo "2321"]
[BlackElo "2078"]
[PlyCount "105"]
[EventDate "2011.09.03"]
[EventType "swiss"]
[EventRounds "5"]
[EventCountry "CAN"]

1. Nf3 Nf6 2. c4 g6 3. Nc3 d5 4. cxd5 Nxd5 5. Qa4+ Nc6 6. Ne5 Nxc3 7. bxc3 Qd5
8. Nxc6 Qxc6 9. Qxc6+ bxc6 10. g3 Rb8 11. Bg2 c5 12. O-O Bh6 13. f4 O-O 14. Ba3
Rb5 15. d4 cxd4 16. cxd4 Bg7 17. e3 Be6 18. Bxe7 Rfb8 19. a3 Rb3 20. Bc5 a5 21.
Rac1 Bd7 22. Rfe1 Be8 23. Ba7 Rd8 24. Bc5 Rdb8 25. Rc2 Bf8 26. Bd5 Rd3 27. Bc4
Rxa3 28. Bxa3 Bxa3 29. Ra1 Bb4 30. Bb3 Rb7 31. Bd5 Ra7 32. Bc6 Kf8 33. Kf2 Ke7
34. Ke2 Bd7 35. Bxd7 Kxd7 36. Rc4 Rb7 37. Kd3 f5 38. Rcc1 c6 39. h3 h5 40. g4
hxg4 41. hxg4 Kd6 42. gxf5 gxf5 43. Rg1 Rf7 44. Rg6+ Kd7 45. Rc1 Bd6 46. Rh1
Bf8 47. Rc1 Bd6 48. Rg8 Bb4 49. Ra8 Rf6 50. Rg1 Kc7 51. Rg7+ Kb6 52. Kc4 Bd6
53. Raa7 1-0

[Event "Over 1800"]
[Site "Calgary"]
[Date "2011.09.03"]
[Round "1"]
[White "Tot, Nandor"]
[Black "Yam, Alex"]
[Result "1/2-1/2"]
[WhiteElo "2066"]
[BlackElo "2308"]
[PlyCount "52"]
[EventDate "2011.09.03"]
[EventType "swiss"]
[EventRounds "5"]
[EventCountry "CAN"]

1. Nf3 Nf6 2. d4 e6 3. g3 c5 4. e3 Nc6 5. Bg2 Qa5+ 6. c3 Qa6 7. a4 d5 8. dxc5
Qa5 9. b4 Qc7 10. O-O Be7 11. Ba3 O-O 12. Nbd2 Rd8 13. Qb3 e5 14. Rfc1 h6 15.
Qb2 a5 16. b5 e4 17. bxc6 exf3 18. Nxf3 bxc6 19. Qb6 Qxb6 20. cxb6 Bxa3 21.
Rxa3 Nd7 22. Rb1 Bb7 23. Nd4 Rdb8 24. e4 Ra6 25. exd5 cxd5 26. Rb5 Rxb6 1/2-1/2

[Event "Over 1800"]
[Site "Calgary"]
[Date "2011.09.03"]
[Round "1"]
[White "Willis, Bradley"]
[Black "Kalaydina, Nicka"]
[Result "1/2-1/2"]
[WhiteElo "2088"]
[BlackElo "1941"]
[PlyCount "32"]
[EventDate "2011.09.03"]
[EventType "swiss"]
[EventRounds "5"]
[EventCountry "CAN"]

1. e4 c5 2. Nc3 Nc6 3. Bb5 Nd4 4. Bc4 e6 5. Nge2 Ne7 6. O-O g6 7. d3 Bg7 8.
Nxd4 cxd4 9. Ne2 d5 10. Bb3 O-O 11. f4 dxe4 12. dxe4 b6 13. Ng3 Kh8 14. Bc4 Qc7
15. Bd3 f5 16. e5 Bb7 1/2-1/2

[Event "Over 1800"]
[Site "Calgary"]
[Date "2011.09.03"]
[Round "2"]
[White "Perron, Sean"]
[Black "Ebrahim-Shirazi, Behrooz"]
[Result "1/2-1/2"]
[WhiteElo "2078"]
[BlackElo "2058"]
[PlyCount "33"]
[EventDate "2011.09.03"]
[EventType "swiss"]
[EventRounds "5"]
[EventCountry "CAN"]

1. e4 e6 2. d4 d5 3. Nc3 Bb4 4. e5 Qd7 5. a3 Bxc3+ 6. bxc3 b6 7. Qg4 f5 8. Qg3
Ba6 9. Bxa6 Nxa6 10. Ne2 Qf7 11. a4 Nb8 12. a5 Nc6 13. axb6 cxb6 14. h4 Na5 15.
h5 Nc4 16. h6 g6 17. Qh4 1/2-1/2

[Event "Over 1800"]
[Site "Calgary"]
[Date "2011.09.03"]
[Round "2"]
[White "Rekhson, Vladislav"]
[Black "Kalaydina, Nicka"]
[Result "1/2-1/2"]
[WhiteElo "2138"]
[BlackElo "1945"]
[PlyCount "60"]
[EventDate "2011.09.03"]
[EventType "swiss"]
[EventRounds "5"]
[EventCountry "CAN"]

1. e4 d5 2. exd5 Qxd5 3. Nc3 Qd6 4. d4 Nf6 5. Nf3 a6 6. h3 b5 7. Bd3 Bb7 8. Qe2
Nbd7 9. O-O e6 10. Bg5 Be7 11. Rfe1 O-O 12. Rad1 Rfe8 13. Ne5 Rad8 14. Ne4 Bxe4
15. Bxe4 Nxe4 16. Bxe7 Rxe7 17. Qxe4 Nxe5 18. dxe5 Qxd1 19. Rxd1 Rxd1+ 20. Kh2
Rd5 21. c4 bxc4 22. f4 Red7 23. Qxc4 a5 24. Qc6 h6 25. a4 Kh7 26. h4 Rd4 27. h5
R7d5 28. g3 g5 29. hxg6+ Kxg6 30. Qe8 Kg7 1/2-1/2

[Event "Over 1800"]
[Site "Calgary"]
[Date "2011.09.03"]
[Round "2"]
[White "Tot, Nandor"]
[Black "Willis, Bradley"]
[Result "1-0"]
[WhiteElo "2066"]
[BlackElo "2088"]
[PlyCount "147"]
[EventDate "2011.09.03"]
[EventType "swiss"]
[EventRounds "5"]
[EventCountry "CAN"]

1. Nf3 f5 2. d4 Nf6 3. Bf4 e6 4. h3 b6 5. e3 Bb7 6. Be2 Be7 7. O-O O-O 8. a4 a5
9. Na3 Ne4 10. Nd2 Nxd2 11. Qxd2 d6 12. Nc4 Qe8 13. Qd1 Nd7 14. Bf3 Bxf3 15.
Qxf3 g5 16. Bh2 Nf6 17. Qe2 h5 18. f3 Qg6 19. Nd2 g4 20. fxg4 hxg4 21. hxg4
fxg4 22. Bf4 Nh5 23. g3 Rf7 24. Rf2 Raf8 25. Raf1 Bf6 26. Nc4 Re8 27. Qd3 Qxd3
28. cxd3 Kg7 29. Kg2 Kg6 30. Bxd6 cxd6 31. Nxd6 Ree7 32. Nxf7 Rxf7 33. Rc2 Rb7
34. Rc6 b5 35. Rxe6 bxa4 36. Rf2 Kg7 37. Re4 Kf7 38. Rxg4 Ke7 39. Re4+ Kd6 40.
g4 Bh4 41. Rc2 Nf6 42. Re5 Nxg4 43. Re4 Rg7 44. Kf3 Nxe3 45. Rxe3 Rg3+ 46. Kf4
Rg1 47. Rc5 Be1 48. Re2 Bb4 49. Rce5 Rd1 50. Ke4 Rh1 51. Rg5 Rh4+ 52. Ke3 Rh3+
53. Ke4 Rh4+ 54. Kf5 Rxd4 55. Re6+ Kc5 56. Re5+ Kb6 57. Rg6+ Bd6 58. Ree6 Kc5
59. Rxd6 Rxd6 60. Rxd6 Kxd6 61. Ke4 Kc5 62. d4+ Kb4 63. d5 Kb3 64. d6 Kxb2 65.
d7 a3 66. d8=Q a2 67. Qb6+ Ka1 68. Qxa5 Kb1 69. Qb4+ Ka1 70. Qa3 Kb1 71. Qb3+
Ka1 72. Qd1+ Kb2 73. Qd2+ Kb1 74. Kd3 1-0

[Event "Over 1800"]
[Site "Calgary"]
[Date "2011.09.03"]
[Round "2"]
[White "Yam, Alex"]
[Black "Daniluk, Jim"]
[Result "1-0"]
[WhiteElo "2308"]
[BlackElo "2010"]
[PlyCount "76"]
[EventDate "2011.09.03"]
[EventType "swiss"]
[EventRounds "5"]
[EventCountry "CAN"]

1. e4 c5 2. c3 Nf6 3. e5 Nd5 4. d4 cxd4 5. Nf3 Nc6 6. Bc4 Nb6 7. Bb3 d5 8. exd6
Qxd6 9. Na3 a6 10. O-O e6 11. cxd4 Be7 12. Qe2 Nd5 13. Nc4 Qd8 14. Nce5 Bf6 15.
Nxc6 bxc6 16. Ne5 Bb7 17. Be3 O-O 18. Rac1 Qd6 19. f4 a5 20. Rf3 a4 21. Bc2 g6
22. a3 Rfd8 23. Bf2 Bg7 24. Qd1 Nb6 25. Rh3 Qd5 26. Qg4 c5 27. Re1 Nd7 28. Be4
Nf6 29. Bxd5 Nxg4 30. Bxb7 Nxf2 31. Kxf2 Bxe5 32. dxe5 Rab8 33. Bc6 Rxb2+ 34.
Re2 Rxe2+ 35. Kxe2 Rd4 36. Rf3 h5 37. g3 Kf8 38. Rc3 c4 1-0